[Event "NRW Class2 1213"]
[Site "Germany"]
[Date "2012.11.18"]
[Round "3.7"]
[White "Kramps, Rene"]
[Black "Roitburd, Talic"]
[Result "1-0"]
[WhiteElo "2010"]
[BlackElo "2115"]
[PlyCount "81"]
[EventDate "2012.09.16"]
[EventType "team-tourn"]
[EventRounds "9"]
[EventCountry "GER"]
[SourceTitle "EXT 2017"]
[Source "ChessBase"]
[SourceDate "2016.10.25"]
[SourceVersion "1"]
[SourceVersionDate "2016.10.25"]
[SourceQuality "1"]
[WhiteTeam "Iserlohn Koenigsspringer"]
[BlackTeam "Oberhausen"]
[WhiteTeamCountry "GER"]
[BlackTeamCountry "GER"]

1. d4 Nf6 2. Nd2 d6 3. Ngf3 g6 4. e3 Bg7 5. Be2 0-0 6. 0-0 Nbd7 7. b3 e5 8. dxe5 dxe5 9. Bb2 e4 10. Ng5 Qe7 11. a4 h6 12. Ba3 c5 13. Nh3 Ne5 14. Nf4 Rd8 15. Qe1 Bf5 16. Bc4 g5 17. Ne2 h5 18. Bb2 h4 19. f4 exf3 20. Nxf3 Neg4 21. Bxf7+ Qxf7 22. Nxg5 Qg6 23. Qxh4 Bh6 24. Nh3 Bxe3+ 25. Kh1 Rf8 26. Nef4 Bxf4 27. Rxf4 Be4 28. Ng5 Bf5 29. h3 Nh6 30. Raf1 Nh5 31. R4f3 Bd7 32. Qc4+ Nf7 33. Rxf7 Rxf7 34. Qxf7+ Qxf7 35. Rxf7 Be8 36. Rc7 Rd8 37. Rh7 Rd1+ 38. Kh2 Kf8 39. g4 Rd2+ 40. Kg1 Rxc2 41. Be5 1-0

[Event "Ruhrgebiet Regionalliga 1011"]
[Site "Nordrheinwestfalen"]
[Date "2011.01.23"]
[Round "5.1"]
[White "Boehm, Joachim"]
[Black "Roitburd, Talic"]
[Result "1/2-1/2"]
[WhiteElo "2184"]
[BlackElo "2094"]
[PlyCount "39"]
[EventDate "2010.09.19"]
[EventType "team-tourn"]
[EventRounds "9"]
[EventCountry "GER"]
[SourceTitle "EXT 2020"]
[Source "ChessBase"]
[SourceDate "2019.10.17"]
[SourceVersion "1"]
[SourceVersionDate "2019.10.17"]
[SourceQuality "1"]
[WhiteTeam "Horst Emscher"]
[BlackTeam "Oberhausen SV II"]
[WhiteTeamCountry "GER"]
[BlackTeamCountry "GER"]

1. d4 Nf6 2. Nf3 g6 3. Nbd2 Bg7 4. e4 d6 5. Bd3 0-0 6. 0-0 Nh5 7. Re1 Nc6 8. c3 e5 9. Nb3 Bg4 10. Be3 Qf6 11. Bb5 Nf4 12. Bxf4 Qxf4 13. Bxc6 bxc6 14. dxe5 Bxe5 15. Qd2 Bxf3 16. Qxf4 Bxf4 17. gxf3 c5 18. Na5 Rab8 19. Nc4 Rfe8 20. Rad1 1/2-1/2

[Event "Oberhausen op"]
[Site "Oberhausen"]
[Date "2009.04.13"]
[Round "7"]
[White "Roitburd, Talic"]
[Black "Henrichs, Thomas"]
[Result "1-0"]
[WhiteElo "2238"]
[BlackElo "2516"]
[PlyCount "43"]
[EventDate "2009.04.09"]
[EventType "swiss"]
[EventRounds "7"]
[EventCountry "GER"]
[SourceTitle "CBM 129 Extra"]
[Source "ChessBase"]
[SourceDate "2009.05.05"]
[SourceVersion "2"]
[SourceVersionDate "2009.05.20"]
[SourceQuality "1"]

1. e4 c5 2. Nf3 Nc6 3. Bb5 e6 4. Nc3 Nge7 5. d4 cxd4 6. Nxd4 Ng6 7. Be3 Be7 8. 0-0 0-0 9. Kh1 a6 10. Be2 Qc7 11. f4 f6 12. Bh5 Na5 13. Qg4 Nc4 14. Bg1 Nxb2 15. Rf3 Bb4 16. Bxg6 hxg6 17. Nce2 Nc4 18. Qxg6 b5 19. Ng3 d6 20. Nh5 Bc5 21. Rg3 Rf7 22. Nxg7 1-0

[Event "Oberliga NRW 0708"]
[Site "Germany"]
[Date "2008.04.06"]
[Round "8.7"]
[White "Villwock, Martin"]
[Black "Roitburd, Talic"]
[Result "1-0"]
[WhiteElo "2209"]
[BlackElo "2030"]
[PlyCount "63"]
[EventDate "2007.09.16"]
[EventType "team-tourn"]
[EventRounds "9"]
[EventCountry "GER"]
[SourceTitle "EXT 2009"]
[Source "ChessBase"]
[SourceDate "2008.11.26"]
[SourceVersion "1"]
[SourceVersionDate "2008.11.26"]
[SourceQuality "1"]
[WhiteTeam "Katernberg II"]
[BlackTeam "Nord II"]
[WhiteTeamCountry "GER"]
[BlackTeamCountry "GER"]

1. e4 c5 2. Nf3 d6 3. d4 cxd4 4. Nxd4 Nf6 5. Nc3 a6 6. Bg5 e6 7. f4 Be7 8. Qf3 Qc7 9. 0-0-0 Nbd7 10. g4 b5 11. Bxf6 Nxf6 12. g5 Nd7 13. f5 Nc5 14. f6 gxf6 15. gxf6 Bf8 16. a3 Rb8 17. b4 Na4 18. Nxa4 bxa4 19. Rg1 Qb6 20. Bc4 Rb7 21. Qh5 a5 22. Rg7 axb4 23. Bb5+ Kd8 24. Nc6+ Ke8 25. Ne7+ Qxb5 26. Qxf7+ Kd7 27. Rxd6+ Kxd6 28. Nxc8+ Kc5 29. Qh5+ e5 30. Qxe5+ Kc4 31. Rc7+ Rxc7 32. Nb6+ 1-0

[Event "Oberliga NRW 0708"]
[Site "Germany"]
[Date "2008.02.10"]
[Round "6.6"]
[White "Roitburd, Talic"]
[Black "Thiel, Kuno"]
[Result "1-0"]
[WhiteElo "2030"]
[BlackElo "2243"]
[PlyCount "45"]
[EventDate "2007.09.16"]
[EventType "team-tourn"]
[EventRounds "9"]
[EventCountry "GER"]
[SourceTitle "EXT 2009"]
[Source "ChessBase"]
[SourceDate "2008.11.26"]
[SourceVersion "1"]
[SourceVersionDate "2008.11.26"]
[SourceQuality "1"]
[WhiteTeam "Nord II"]
[BlackTeam "Betzdorf Kirchen"]
[WhiteTeamCountry "GER"]
[BlackTeamCountry "GER"]

1. Nf3 Nf6 2. g3 b6 3. Bg2 Bb7 4. d3 d5 5. 0-0 Nc6 6. Nbd2 e5 7. e4 dxe4 8. dxe4 Bc5 9. c3 a5 10. Nh4 a4 11. Qf3 g6 12. Rd1 Nd7 13. Bh3 Qe7 14. Nc4 Ncb8 15. Bh6 f5 16. Bxf5 gxf5 17. Nxf5 Qf7 18. Rd6 Qxc4 19. Qh5+ Kd8 20. Qg5+ Kc8 21. Ne7+ Kd8 22. Nc6+ Kc8 23. Qd8+ 1-0

[Event "NRW Class1 0607"]
[Site "Germany"]
[Date "2007.03.18"]
[Round "7.5"]
[White "Roitburd, Talic"]
[Black "Prein, Michael"]
[Result "1-0"]
[WhiteElo "2160"]
[BlackElo "2034"]
[PlyCount "49"]
[EventDate "2006.09.17"]
[EventType "team-tourn"]
[EventRounds "9"]
[EventCountry "GER"]
[SourceTitle "EXT 2008"]
[Source "ChessBase"]
[SourceDate "2007.11.25"]
[SourceVersion "1"]
[SourceVersionDate "2007.11.25"]
[SourceQuality "1"]
[WhiteTeam "Muelheim Nord II"]
[BlackTeam "Krefeld"]
[WhiteTeamCountry "GER"]
[BlackTeamCountry "GER"]

1. e4 d5 2. exd5 Qxd5 3. Nc3 Qd6 4. d4 Nf6 5. Nf3 a6 6. Bc4 b5 7. Bb3 Bb7 8. h3 Nbd7 9. Be3 e6 10. Qe2 Be7 11. 0-0 Qc6 12. Rad1 Nb6 13. d5 Nbxd5 14. Nxd5 Nxd5 15. Bxd5 exd5 16. Bg5 f6 17. Nd4 Qd7 18. Bxf6 gxf6 19. Ne6 Qd6 20. Rfe1 Kd7 21. Ng7 Rag8 22. Nf5 Qf4 23. Qe6+ Kd8 24. Nxe7 Rg5 25. Nxd5 1-0

[Event "NRW Class1 0506"]
[Site "Germany"]
[Date "2006.01.08"]
[Round "5.7"]
[White "Weber, Franz Josef"]
[Black "Roitburd, Talic"]
[Result "0-1"]
[WhiteElo "2138"]
[BlackElo "2123"]
[PlyCount "60"]
[EventDate "2005.09.25"]
[EventType "team"]
[EventRounds "9"]
[EventCountry "GER"]
[SourceTitle "EXT 2006"]
[Source "ChessBase"]
[SourceDate "2005.11.24"]
[SourceVersion "1"]
[SourceVersionDate "2005.11.24"]
[SourceQuality "1"]
[WhiteTeam "Monheim"]
[BlackTeam "Muelheim Nord II"]
[WhiteTeamCountry "GER"]
[BlackTeamCountry "GER"]

1. e4 c5 2. Nf3 d6 3. d4 cxd4 4. Qxd4 a6 5. b3 Nc6 6. Qd3 Qc7 7. a3 Nf6 8. Bb2 b5 9. Nbd2 Bb7 10. Be2 e6 11. 0-0 Be7 12. Rac1 0-0 13. c4 b4 14. axb4 Nxb4 15. Qc3 Na2 16. Qc2 Nxc1 17. Rxc1 Rfe8 18. e5 dxe5 19. Nxe5 Bb4 20. Nd3 Bd6 21. g3 e5 22. f3 e4 23. fxe4 Nxe4 24. Nf3 Bxg3 25. hxg3 Qxg3+ 26. Kf1 Ng5 27. Nfe1 Qh3+ 28. Kg1 Qh1+ 29. Kf2 Ne4+ 30. Ke3 Qg1+ 0-1

[Event "Ruhrgebiet VL2 0405"]
[Site "Ruhrgebiet"]
[Date "2004.11.28"]
[Round "4.4"]
[White "Roitburd, Talic"]
[Black "Spillmann, Peter"]
[Result "1-0"]
[WhiteElo "2132"]
[BlackElo "1923"]
[PlyCount "43"]
[EventDate "2004.09.12"]
[EventType "team"]
[EventRounds "9"]
[EventCountry "GER"]
[SourceTitle "EXT 2006"]
[Source "ChessBase"]
[SourceDate "2005.11.24"]
[SourceVersion "1"]
[SourceVersionDate "2005.11.24"]
[SourceQuality "1"]
[WhiteTeam "Muelheim Nord III"]
[BlackTeam "Altstadt RE"]
[WhiteTeamCountry "GER"]
[BlackTeamCountry "GER"]

1. e4 d6 2. d4 Nf6 3. Nc3 g6 4. f3 c6 5. Be3 Nbd7 6. Qd2 b5 7. d5 Ne5 8. dxc6 Nc4 9. Bxc4 bxc4 10. Nd5 Bg7 11. c7 Qd7 12. Nxf6+ Bxf6 13. Qd5 0-0 14. Qxa8 Qa4 15. Ne2 Bxb2 16. Rd1 Qa5+ 17. Kf2 Qxc7 18. Qxa7 Bb7 19. Qb6 Qxb6 20. Bxb6 Ra8 21. Bd4 Bxd4+ 22. Rxd4 1-0

[Event "Ruhrgebiet VK2 0304"]
[Site "Ruhrgebiet"]
[Date "2004.02.08"]
[Round "6.4"]
[White "Raygrotzki, Norbert"]
[Black "Roitburd, Talic"]
[Result "1/2-1/2"]
[WhiteElo "1787"]
[BlackElo "2090"]
[PlyCount "37"]
[EventDate "2003.09.28"]
[EventType "team"]
[EventRounds "9"]
[EventCountry "GER"]
[SourceTitle "EXT 2007"]
[Source "ChessBase"]
[SourceDate "2006.11.23"]
[SourceVersion "1"]
[SourceVersionDate "2006.11.23"]
[SourceQuality "1"]
[WhiteTeam "Oberhausen II"]
[BlackTeam "Muelheim Nord III"]
[WhiteTeamCountry "GER"]
[BlackTeamCountry "GER"]

1. Nf3 Nf6 2. c4 d6 3. Nc3 e5 4. d4 exd4 5. Nxd4 Nc6 6. e4 g6 7. Be2 Bg7 8. Be3 0-0 9. 0-0 Re8 10. f3 a6 11. Nxc6 bxc6 12. Qd2 Rb8 13. Rad1 Qe7 14. b3 Bb7 15. Bh6 Bh8 16. Bg5 Rbd8 17. Rfe1 Bg7 18. Bh6 Bh8 19. Bg5 1/2-1/2

[Event "Ruhrgebiet VK2 0304"]
[Site "Ruhrgebiet"]
[Date "2003.09.28"]
[Round "1.4"]
[White "Roitburd, Talic"]
[Black "Koprek, Juergen"]
[Result "1/2-1/2"]
[WhiteElo "2090"]
[BlackElo "1842"]
[PlyCount "40"]
[EventDate "2003.09.28"]
[EventType "team"]
[EventRounds "9"]
[EventCountry "GER"]
[SourceTitle "EXT 2007"]
[Source "ChessBase"]
[SourceDate "2006.11.23"]
[SourceVersion "1"]
[SourceVersionDate "2006.11.23"]
[SourceQuality "1"]
[WhiteTeam "Muelheim Nord III"]
[BlackTeam "Ruettenscheid Rochade"]
[WhiteTeamCountry "GER"]
[BlackTeamCountry "GER"]

1. e4 e6 2. d3 d5 3. Nd2 Nf6 4. Ngf3 c5 5. g3 Nc6 6. Bg2 Bd6 7. 0-0 0-0 8. c3 b5 9. Nh4 Be7 10. f4 Bb7 11. Qe2 Qb6 12. f5 c4+ 13. Kh1 cxd3 14. Qxd3 dxe4 15. Nxe4 Rad8 16. Qe2 Nxe4 17. Bxe4 Bxh4 18. gxh4 exf5 19. Bg2 Rfe8 20. Qc2 Ne7 1/2-1/2

[Event "Centrocoop June op-A"]
[Site "Eforie Nord "]
[Date "1998.??.??"]
[Round "?"]
[White "Dobrov, Vladimir"]
[Black "Roitburd, Talic"]
[Result "1-0"]
[WhiteElo "2130"]
[BlackElo "2000"]
[PlyCount "111"]
[EventDate "1998.06.??"]
[EventType "swiss"]
[EventRounds "11"]
[EventCountry "ROU"]
[SourceTitle "EXT 2000"]
[Source "ChessBase"]
[SourceDate "1999.11.16"]
[SourceVersion "1"]
[SourceVersionDate "1999.11.16"]
[SourceQuality "1"]

1. d4 Nf6 2. c4 g6 3. Nc3 Bg7 4. e4 d6 5. Nf3 Nbd7 6. Be2 0-0 7. 0-0 e5 8. Re1 h6 9. Bf1 a5 10. b3 Nh5 11. g3 exd4 12. Nxd4 Nc5 13. Be3 Re8 14. Bg2 Nf6 15. f3 Ne6 16. Ndb5 Bd7 17. Qd2 Kh7 18. Rad1 Qc8 19. Kh1 h5 20. h3 Rg8 21. f4 Bc6 22. Qf2 Nf8 23. g4 Rh8 24. g5 Ne8 25. Nd5 Bxd5 26. exd5 Nd7 27. Bd4 Rf8 28. Re7 Bxd4 29. Nxd4 Qd8 30. Rde1 Ng7 31. Be4 Ne5 32. Rxc7 Qxc7 33. fxe5 dxe5 34. Nf3 Rae8 35. c5 Qc8 36. Kh2 Kh8 37. d6 f5 38. gxf6 Rxf6 39. Rd1 Qd7 40. Qe3 Nf5 41. Qc3 Kh7 42. Nxe5 Qb5 43. Bd3 Qb4 44. Qxb4 axb4 45. d7 Rd8 46. Be4 h4 47. Bxb7 Ne3 48. Ng4 Re6 49. Nxe3 Rxe3 50. c6 Rc3 51. Kg2 Rc2+ 52. Kf3 Rf8+ 53. Ke4 Re2+ 54. Kd3 Rg2 55. Kc4 Rg5 56. c7 1-0

[Event "Centrocoop June op-A"]
[Site "Eforie Nord "]
[Date "1998.??.??"]
[Round "?"]
[White "Moshina, Cristina"]
[Black "Roitburd, Talic"]
[Result "0-1"]
[WhiteElo "2135"]
[BlackElo "2000"]
[PlyCount "104"]
[EventDate "1998.06.??"]
[EventType "swiss"]
[EventRounds "11"]
[EventCountry "ROU"]
[SourceTitle "EXT 2000"]
[Source "ChessBase"]
[SourceDate "1999.11.16"]
[SourceVersion "1"]
[SourceVersionDate "1999.11.16"]
[SourceQuality "1"]

1. e4 c5 2. Nf3 d6 3. d4 cxd4 4. Nxd4 Nf6 5. Nc3 a6 6. Be3 e5 7. Nb3 Be6 8. f3 b5 9. Qd2 Nbd7 10. Qf2 Be7 11. g4 Nxg4 12. Qd2 Bh4+ 13. Kd1 Nxe3+ 14. Qxe3 Bg5 15. Qf2 Nb6 16. h4 Bh6 17. Bd3 b4 18. Ne2 Nc4 19. Bxc4 Bxc4 20. Nd2 d5 21. Nxc4 dxc4+ 22. Ke1 Qd2+ 23. Kf1 0-0 24. Ng3 Rad8 25. Rh2 Qxf2+ 26. Rxf2 g6 27. Ke1 Rd7 28. Rd1 Rxd1+ 29. Kxd1 Rd8+ 30. Ke1 Bf4 31. Nf1 h5 32. Re2 g5 33. Rg2 Kh7 34. hxg5 Kg6 35. Ke2 c3 36. b3 Bxg5 37. Ne3 Rd2+ 38. Kf1 Rxg2 39. Nxg2 f5 40. Ne1 fxe4 41. fxe4 Be7 42. Nf3 Bf6 43. Kg2 h4 44. Kh3 Kh5 45. Ne1 Kg5 46. Ng2 Bd8 47. Nxh4 Kf4 48. Ng6+ Kxe4 49. Kg2 Ke3 50. Nxe5 Kd2 51. Kf3 Kxc2 52. Ke2 Kb1 0-1

[Event "Centrocoop June op-A"]
[Site "Eforie Nord "]
[Date "1998.??.??"]
[Round "?"]
[White "Roitburd, Talic"]
[Black "Ciornei, Dragos"]
[Result "0-1"]
[WhiteElo "2000"]
[BlackElo "2100"]
[PlyCount "72"]
[EventDate "1998.06.??"]
[EventType "swiss"]
[EventRounds "11"]
[EventCountry "ROU"]
[SourceTitle "EXT 2000"]
[Source "ChessBase"]
[SourceDate "1999.11.16"]
[SourceVersion "1"]
[SourceVersionDate "1999.11.16"]
[SourceQuality "1"]

1. e4 e5 2. Nc3 Nf6 3. f4 d5 4. fxe5 Nxe4 5. d3 Nxc3 6. bxc3 d4 7. Nf3 Nc6 8. Bb2 Bg4 9. Be2 dxc3 10. Bxc3 Bc5 11. Rb1 0-0 12. Qd2 Re8 13. Qf4 Bxf3 14. Bxf3 Nxe5 15. Bxe5 Bd4 16. Kd1 Bxe5 17. Qc4 Rb8 18. Rf1 Bf6 19. Rb5 c6 20. Rf5 Qb6 21. Be4 Re6 22. g4 Rd8 23. Ke2 Rd4 24. Qc5 Qa6 25. Rxf6 Rdxe4+ 26. Kd1 gxf6 27. g5 R4e5 28. Qd4 Qa5 29. Qf2 Qxa2 30. gxf6 Qa1+ 31. Kd2 Re2+ 32. Qxe2 Rxe2+ 33. Kxe2 Qe5+ 34. Kd2 Qxh2+ 35. Kc3 Qe5+ 36. Kd2 Kf8 0-1